000 00688nam a2200289Ia 4500
005 20260324134501.0
008 008 260324s9999 xx 000 0 eng d
020 _a9781315028309
037 _aEBOOK
040 _aCRL
040 _beng
040 _cCRL
041 _2eng
041 _aeng
084 _qCRL
100 _aChristopher Munn
_91196986
245 0 _aAnglo-China
245 0 _bChinese People and British Rule in Hong Kong, 1841-1880
260 _bTaylor and Francis
260 _c2001
365 _a
365 _b300
856 _uhttp://www.taylorfrancis.com/books/9781315028309
942 _cEBOOK
999 _c1797139
_d1797139